000 00791nam a2200193 a 4500
001 000034061
005 20200930070736.0
008 110923s1985 it 001 0 spa d
040 _aDO-SdBNP
_bspa
_cBNPHU
082 _a255.102
_bC758e
245 0 0 _aConstituciones y estatutos de los Misioneros del Sagrado Corazón de Jesús.
260 _aRoma, Italia :
_bCasa General,
_c1985.
300 _a150 p. ;
_c19 cm.
505 0 _tEspíritu, vida y misión --
_tMiembros --
_tOrganización --
_tAusencia y salida --
_tObservancia de las constituciones --
_gTextos del fundador.
610 1 4 _aMISIONEROS DEL SAGRADO CORAZÓN DE JESÚS
_xREGLAS
_959496
650 4 _aÓrdenes religiosas de hombres
_xEstatutos, reglamentos, etc.
_959497
910 _aValidado. Control de calidad EMS
049 _aBNPD
999 _c33552
_d33552